Encyklopedie Computer Aided Designu : Software pro CAD. Grafické karty. Digitizéry. Plotry a tiskárny. Monitory. Grafické stanice

Na minha lista:
Detalhes bibliográficos
Formato: Livro
Idioma:tcheco
Publicado em: Brno : CCB, [1993]
Assuntos:
Acesso em linha:OBSAH
Tags: Adicionar Tag
Sem tags, seja o primeiro a adicionar uma tag!

MARC

LEADER 00000nam a22000003a 4500
001 stu41574
005 20150408180444.9
008 931230s1993----cs------------------cze-d
020 |a 80-85825-01-5 
040 |a STU  |b slo 
041 0 |a cze 
044 |a cs 
080 |a 681.3(031) 
245 |a Encyklopedie Computer Aided Designu :  |b Software pro CAD. Grafické karty. Digitizéry. Plotry a tiskárny. Monitory. Grafické stanice 
260 |a Brno :  |b CCB,  |c [1993] 
300 |a 360 s 
650 7 |a CAD  |2 stusub 
650 7 |a encyklopédie  |2 stusub 
650 7 |a počítače  |2 stusub 
856 4 |a https://sweb.mtf.stuba.sk/obsahy/encyklopedie_cad.pdf  |u https://sweb.mtf.stuba.sk/obsahy/encyklopedie_cad.pdf  |3 OBSAH 
996 |b 284M019986  |c M*8394-5  |l MMKN  |s A  |a 24  |w stu41574_0001 
996 |b 284M039782  |c M*8394-1  |l MMST  |s A  |a 24  |w stu41574_0002 
996 |b 284M026097  |c M*8394-4  |l MMST  |s A  |a 24  |w stu41574_0003 
996 |b 284M026096  |c M*8394-3  |l MMST  |s A  |a 24  |w stu41574_0004